Svedectvo i predzvesť Uvažovanie nad minulosťou, súčasnosťou i budúcnosťou ochotníctva

Bibliographic Details
Main Author: Lapšanský, Jozef, 1958- (Author)
Format: Article
Language:Slovak
Subjects:

MARC

LEADER 00000nab a2200000 a 4500
001 vtls001019496
003 SK-MaSNL
005 20260303201215.0
008 040720e19971021xo 0 slo
035 |a SN5420 
040 |a SNSK  |b slo  |c SNSK  |e AACR2 
041 0 |a slo 
044 |a xo  |c SK 
080 |a 792.077  |2 1981 
100 1 |a Lapšanský, Jozef,  |d 1958-  |4 aut  |9 113973 
245 1 0 |a Svedectvo i predzvesť  |b Uvažovanie nad minulosťou, súčasnosťou i budúcnosťou ochotníctva 
650 0 7 |a ochotnícke divadlo  |2 SNKPH  |9 3349 
650 0 7 |a publikácie  |2 SNKPH  |9 19587 
651 7 |a Smižany (Slovensko)  |2 SNKPHgeo  |9 29314 
655 7 |a periodikum  |2 SNKPH  |9 29553 
773 0 8 |t Obecné noviny  |g Roč. 7, č.43, 21.10.1997, s. 19 
852 |a ZVYKNI  |b KIS3GCP 
999 |c 2172425  |d 2174355